000 00404cam a22001337a 4500
008 180718b1955 xxu||||| |||| 00| 0 eng d
082 _aQx438 P438
100 _aPragierowa, Eugenia
245 _aSocial achievements
_cby Eugenia Pragierowa and Jerzy Licki
260 _aWarsaw
_bPolonia Foreign Languages Oublishing House
_c1955
300 _a76p.
650 _aSocial conditions
700 _aLicki, Jerzy
999 _c502085
_d502085